| 000 | 00677nam a2200217Ii 4500 | ||
|---|---|---|---|
| 003 | JO-AjNU | ||
| 008 | 230606s9999||||xx |||||||||||||| ||und|| | ||
| 020 | _a0-412-43640-X | ||
| 040 |
_aJO-AjNU _beng _erda _cJO-AjNU |
||
| 041 | _aeng | ||
| 050 | 1 | 4 | _aHF5635 .G55 1994 |
| 100 | 3 |
_aGlynn,John J / Perrin,John / Murphy, Michael P, _eauthor _93407 |
|
| 245 | 0 | 0 | _aAccounting for Managers |
| 250 | _a1 ed | ||
| 264 | 3 | 1 | _aLondon: Chapman and Hall,1994 |
| 300 |
_a420p _bIncludes bibliographical references and indexes(P 394-420) |
||
| 336 |
_atext _btxt _2rdacontent |
||
| 337 |
_aunmediated _bn _2rdamedia |
||
| 338 |
_avolume _bnc _2rdacarrier |
||
| 650 | 4 |
_aAccounting _93408 |
|
| 999 |
_aE1779 _c1779 _d1779 |
||